000 00820nam a2200301Ia 4500
001 48808
003 IT-RoPAU
008 130308s9999 xx 000 0 und d
040 _aIT-RoPAU
040 _cIT-RoPAU
041 _aFRANCESE
100 _aBallon Aguirre Enrique
100 _gCodice Aut. SPICS: 19626
245 _aEtat Tendu de l'action (L')
245 _bExigences et Perspectives de la Semiotique-2 Volumi
250 _a1a ed.
260 _aAMSTERDAM
260 _bJohn Benjamins Publishing
260 _c1985 [1° Ed.:1985 - Ed.Ling.Originale:1985]
300 _a"9 p. (prefazione: no ; testo: 9 [pagine: 113-121])"
500 _aTensione Verso L'Azione
650 _aSEMIOLOGIA
650 _eCodice materia Spics: 3251
942 _cBK
957 _71
999 _c40738
_d40738
999 _bSI
999 _g1